[Event "RUS-ch sf 58th"]
[Site "Kazan"]
[Date "2005.09.06"]
[Round "4"]
[White "Loginov, Valery A"]
[Black "Sakaev, Konstantin"]
[Result "0-1"]
[WhiteElo "2527"]
[BlackElo "2669"]
[Annotator "Stohl,I"]
[PlyCount "78"]
[EventDate "2005.09.03"]
[EventType "swiss"]
[EventRounds "9"]
[EventCountry "RUS"]
[SourceTitle "CBM 109"]
[Source "ChessBase"]
[SourceDate "2005.11.14"]
[SourceVersion "1"]
[SourceVersionDate "2005.11.14"]
[SourceQuality "1"]

1. Nf3 Nf6 2. g3 g6 3. c4 Bg7 4. Bg2 O-O 5. d4 d6 6. O-O Nc6 7. Nc3 a6 8. Bg5 {
This rare move is Loginov's specialty. However, sensible play by Black
promises him equality.} h6 {Although at some moment White might regain the
tempo by attacking the Ph6, this is the best and most popular alternative.} ({
However, Black can play also} 8... Rb8 9. Rc1 Bd7 10. e4 Bg4 11. h3 Bxf3 12.
Bxf3 e5 13. dxe5 Nxe5 14. Be2 h6 15. Be3 b5 $1 16. cxb5 axb5 17. Nd5 (17. Nxb5
$2 Qd7 $1 $40) 17... c5 18. Nxf6+ Qxf6 19. Qd5 Qe6 20. Qxe6 fxe6 21. Rfd1 Rfd8
22. f4 Nc4 23. Bxc4 bxc4 24. Rxc4 Rxb2 25. e5 d5 26. Rxc5 Rxa2 27. Rc6 Re8 28.
Rb1 Re2 29. Ba7 {1/2,Ivanchuk,V-Shirov,A/Linares/1995/} g5 $11) 9. Bd2 e5 {
Again natural, but Black has more alternatives to achieve a satisfactory
position.} (9... Bg4 10. d5 Na5 11. b3 c5 $5 (11... b5 12. Qc1 Kh7 13. Qa3 Nb7
14. cxb5 axb5 15. Qb4 Bd7 16. a4 Nc5 17. axb5 Nxd5 18. Ng5+ hxg5 19. Bxd5 Rxa1
20. Rxa1 e6 {Ftacnik,L-Stohl,I/Ostrava/1994/ (20)} 21. Bf3 $5 $14) 12. dxc6 (
12. a4 $5) 12... Nxc6 13. Rc1 Rc8 (13... Rb8 14. Nd5 Ne4 15. Be3 Nc5 (15... e6
16. h3 $5 $14) 16. Re1 e6 17. Nc3 Bxf3 18. Bxf3 Qe7 19. Qd2 $36 {Loginov,
V-Fercec,N/Oberwart/2002/}) 14. Re1 (14. Nd5 Nxd5 $5 15. cxd5 Nb8 $11) 14... d5
15. cxd5 Nxd5 16. Na4 b5 17. Nc5 b4 18. h3 Bxf3 19. Bxf3 Nc3 20. Bxc3 Bxc3 21.
Qxd8 Rfxd8 22. Red1 Nd4 23. Nb7 Nxf3+ 24. exf3 Rxd1+ 25. Rxd1 Rc6 26. Kf1 g5
27. Na5 Rf6 28. Ke2 Re6+ $11 {Loginov,V-Inarkiev,E/RUS-chT Sochi/2004/}) (9...
Rb8 10. Rc1 (10. d5 Na5 11. b3 c5 12. a4 e6 $1 13. dxe6 Bxe6 14. Bf4 Nh5 15.
Rc1 Nxf4 16. gxf4 Qe7 17. e3 Nc6 18. Nd5 Bxd5 19. Qxd5 Nb4 20. Qd2 Rfd8 21. Ne1
b5 22. axb5 {1/2,Stohl,I-Kindermann,S/BL 9596/1996/}) 10... e5 (10... Bd7 11.
d5 Na5 12. b3 c5 13. dxc6 Nxc6 14. Nd5 $36 {is similar to Loginov-Fercec} Kh7
15. Bc3 Ne8 16. h4 b5 17. h5 g5 18. cxb5 axb5 19. Bxg7 Kxg7 20. Qd2 e6 21. Nc3
d5 22. e4 $16 {Loginov,V-Haselhorst,H/Oberwart/1997/}) (10... Bg4 11. d5 Bxf3
12. exf3 Ne5 13. Qe2 c5 14. f4 Ned7 15. f5 $1 g5 16. b3 Ne5 17. f4 gxf4 18.
Rxf4 b5 19. cxb5 axb5 20. Nxb5 Qd7 21. a4 Ne8 22. Rcf1 Nc7 23. Nxc7 Qxc7 24.
Rh4 $18 {->Loginov,V-Sambuev,B/Novgorod/1999/}) 11. d5 Nd4 12. Ne1 Qe7 (12...
c5 13. e3 Nf5 14. Nd3 b5 15. cxb5 axb5 16. b4 Qe7 17. bxc5 dxc5 18. Nb1 {
Loginov,V-Zimmerman,Y/Oberwart/2001/} c4 19. Bb4 Nd6 $13) 13. e3 Nf5 14. Qc2
Bd7 15. b4 Rfe8 {[%cal Ye5e4] /\e4} 16. Ne4 Nxe4 17. Bxe4 h5 $1 18. Nd3 h4 19.
c5 Nh6 20. Qb3 Bh3 21. Rfe1 Qg5 $132 {Loginov,V-Kuzmin,A/Oberwart/2002/}) 10.
d5 (10. dxe5 dxe5 11. Qc1 {can be met with the enterprising pawn sacrifice} e4
$5 (11... Kh7 $143 12. Rd1 Qe7 13. Nd5 Nxd5 14. cxd5 Na7 15. Ba5 b6 16. d6 cxd6
17. Bb4 Rd8 18. Ng5+ hxg5 19. Bxa8 a5 {Loginov,V-Lerner,K/Graz op/1999/} 20.
Bd2 d5 21. e4 dxe4 22. Bxe4 $14) 12. Ne1 Kh7 $1 13. Nxe4 Nxe4 14. Bxe4 Nd4 15.
Qd1 Qe7 16. Bd3 Bg4 17. f3 Bh3 18. Rf2 Rad8 19. Bc3 b5 (19... Rfe8 $5 {/\} 20.
Nc2 Nxe2+ $1 21. Qxe2 Bxc3 22. bxc3 Qd6 23. Be4 f5 $44 {Vovk}) 20. cxb5 axb5
21. Nc2 c5 22. Nxd4 Rxd4 23. Qe1 b4 24. Bxd4 Bxd4 25. e4 Rd8 $44 {Loginov,
V-Vovk,Y/St Petersburg/2004/}) 10... Nd4 $1 $11 {The N is safe in the [+] and
gives Black active <=>.} 11. Ne1 (11. e3 Nxf3+ 12. Bxf3 Nd7 13. Bg2 (13. e4
$142 f5 $11) 13... f5 14. f4 e4 15. b4 c5 16. Rb1 cxb4 17. Rxb4 Nc5 18. Na4 b5
$1 19. cxb5 Nd3 $17 {Livner,A-Acs,P/Stockholm/2003/}) 11... Bd7 (11... Re8 $5
12. e3 Nf5 13. Ne4 (13. e4 Nd4 14. Ne2 c5 $132) 13... Nxe4 14. Bxe4 h5 $1 {
See a similar and effective plan in Loginov-Kuzmin} 15. Bc3 Nh6 16. Bg2 h4 17.
e4 Ng4 18. Qe2 hxg3 19. fxg3 c6 20. Bf3 Nf6 21. Ng2 cxd5 22. cxd5 Bd7 23. Qf2
Rf8 24. Ne3 Bh6 25. Rfe1 Rc8 26. a4 Kg7 27. a5 Nh7 28. Bg2 f5 $36 {Salov,
V-Tkachiev,V/Groningen/1997/}) 12. b4 $6 $146 {This gives Black a free hand on
the >>} (12. Nd3 {The game indicates Sakaev may have intended to play} e4 $1 (
12... Qe7 13. e3 Nf5 14. e4 Nd4 15. Ne2 Nxe2+ (15... b5 16. Nxd4 (16. b3 Nxe2+
17. Qxe2 c5 18. dxc6 Bxc6 $13 {1/2,Matveeva,S-Morozevich,A/Tomsk/1998/}) 16...
exd4 17. e5 $1 Nh7 18. exd6 cxd6 19. Re1 Qd8 20. cxb5 axb5 21. Nb4 Re8 22. Nc6
Qf6 23. Qb3 Rxe1+ 24. Rxe1 $16 {Loginov,V-Kabanov,N/RUS-ch sf Kazan/2005/}) (
15... c5 16. dxc6 (16. Nxd4 exd4 $13 {/\} 17. b4 $6 b5 $5 $36) 16... bxc6 17.
Nxd4 exd4 18. Re1 $1 (18. e5 dxe5 19. Bb4 Qe6 20. Bxf8 Bxf8 $44) 18... Rfe8 (
18... Ng4 19. e5 $1 $36) 19. e5 $14) 16. Qxe2 c6 17. f3 (17. dxc6 $5 bxc6 18.
b4 $14 {Dautov}) 17... cxd5 18. cxd5 Nh5 19. Rfc1 Rac8 20. Rxc8 Rxc8 21. Be3 f5
22. Qd2 Kh7 23. Rc1 Nf6 24. Rxc8 Bxc8 25. Qc3 Qd8 26. Nf2 Bd7 27. Bf1 Qc8 $11 {
Lerner,K-Bologan,V/Nikolaev zt/1995/}) 13. Nxe4 Nxe4 14. Bxe4 Re8 $44) (12. e3
$142 Nf5 13. Nd3 {is a more refined move-order, but here Black can play also}
Re8 $5 {as Tkachiev to avoid the tactical problems from the above games.} 14.
e4 Nd4 15. Ne2 c5 $13 (15... b5 $5 {/\} 16. c5 c6 $1 $132)) 12... Qe7 13. Rb1
e4 $1 {[%csl Ge4] ()>>} 14. a4 Rfe8 15. a5 c6 16. Bc1 (16. dxc6 bxc6 17. Bxh6
Nxe2+ 18. Qxe2 Bxh6 {[%cal Ye7e5] /\Qe5=/+}) (16. Bf4 $5) 16... Ng4 $1 {
[%csl Rc4][%cal Yg4e5] /\Ne5,><c4} (16... Nf5 $13 {/=/+ is fine for Black, but
Sakaev already strives for more.}) 17. Nxe4 $2 {With such passive pieces
opening the position calls for trouble.} (17. h3 Ne5 18. Nxe4 (18. Qxd4 Nf3+
19. Nxf3 exf3 $1 $17) 18... Bf5 $1 (18... Nxc4 $6 19. Bxh6 $1 f5 20. Bxg7 Qxg7
21. Nc3 Na3 22. Rc1 (22. Rb2 Nxe2+ 23. Rxe2 Qxc3 24. dxc6 Bxc6 25. Bd5+ Kg7 $13
) 22... Nab5 23. Nxb5 Nxe2+ 24. Kh2 cxb5 25. Rc7 $36) 19. Bb2 (19. Bxh6 $2 Bxh6
20. Qxd4 Bg7 $1 $19) (19. dxc6 Nxc4 20. cxb7 Rab8 21. f3 d5 (21... Rxb7 $44)
22. g4 dxe4 23. gxf5 Nxf5 $40) 19... Bxe4 20. Bxe4 Nxc4 21. Bxd4 Qxe4 22. Bxg7
Kxg7 $36) (17. Bxe4 $6 Nxe2+ 18. Qxe2 Bxc3 $36) (17. dxc6 bxc6 18. h3 Ne5 19.
Nxe4 Bf5 20. Bb2 Bxe4 21. Bxe4 Nxc4 22. Bxd4 Qxe4 23. Bxg7 Kxg7 $15) (17. e3
Nf3+ 18. Nxf3 Bxc3 (18... exf3 19. Bxf3 Ne5 {/\} 20. Be2 Bh3 21. Re1 Nxc4 22.
Bxc4 Bxc3 23. Bd2 Qe4 24. Bf1 Bxf1 25. Rxf1 Bg7 $1 26. dxc6 bxc6 $15) 19. Nd4
cxd5 $15) 17... cxd5 ({Even more concrete than} 17... Bf5 18. f3 cxd5 19. cxd5
Bxe4 20. fxe4 Nb5 $15 {/-/+}) 18. Nc3 (18. cxd5 Bb5 $1 (18... Bf5 {-17...Bf5})
19. Rb2 f5 $17) 18... Nxe2+ 19. Nxe2 Qxe2 20. Qxe2 Rxe2 21. Bf3 (21. Bxd5 Nxf2
(21... Bf5 22. Rb3 Be4 $15) (21... Bd4 22. Nd3 Bf5 23. Rb3 $13 {/\} Bxd3 $2 24.
Rxd3 Bxf2+ 25. Kg2 $14) (21... Bc6 $36) 22. Bxb7 Rae8 23. Nf3 (23. Rxf2 Rxe1+
24. Kg2 Bd4 25. Rf1 R8e2+ 26. Kf3 Bf5 $19) 23... Bh3 $1 $40 24. Rxf2 $2 Re1+
$19) 21... Rae8 $1 {[%mdl 2560] Black's pieces are so well coordinated he can
afford to sacrifice an excahnge even when the Q are off.} 22. Bxe2 Rxe2 23.
cxd5 (23. Bf4 Bd4 $1 (23... dxc4 24. Bxd6 c3 $17) 24. cxd5 Bxf2+ $40) 23...
Nxf2 {[%cal Rd7h3,Rd7f5] /\Bh3,Bf5} 24. Nf3 (24. Rxf2 Rxe1+ 25. Kg2 (25. Rf1
Bd4+ 26. Kg2 Bh3+ $19) 25... Bf5 26. Rxf5 gxf5 $19) 24... Nh3+ 25. Kh1 Nf2+
$138 26. Kg1 Nh3+ (26... Ne4 {[%cal Rd7h3] /\Bh3} 27. Rb3 (27. Re1 Bd4+ $1 28.
Nxd4 Rxe1+ 29. Kg2 Nc3 $19) 27... Bh3 28. Be3 (28. Re3 Rg2+ 29. Kh1 Nf2+ $19)
28... Bc3 29. Bb6 Bxf1 30. Kxf1 Rd2 $1 31. Be3 Rxd5 32. Bxh6 Rb5 $19) 27. Kh1
Bf5 $1 28. Rb3 Be4 $19 {Sakaev demonstrates the cleanset solution - the pin is
unbreakable and Black will duly cash in and win the Nf3.} 29. Re3 Rxe3 30. Bxe3
g5 31. g4 f5 $1 32. gxf5 g4 33. Kg2 Be5 $1 (33... Ng5 34. Kg3 Bxf3 {is good
enough, but the sadistic text-move keeps White's K in the cage.}) 34. Bxh6 Kf7
35. Rc1 Kf6 36. Rc8 Bxf3+ 37. Kf1 Kxf5 38. Rf8+ Kg6 39. Be3 Bxd5 {The ><h2
falls and the o^g4 will quickly queen.} 0-1

[Event "Enghien les Bains 3rd"]
[Site "Enghien les Bains"]
[Date "1999.03.09"]
[Round "6"]
[White "Rausis, Igors"]
[Black "Bologan, Viktor"]
[Result "0-1"]
[WhiteElo "2508"]
[BlackElo "2608"]
[Annotator "Stohl,I"]
[PlyCount "168"]
[EventDate "1999.03.03"]
[EventType "tourn"]
[EventRounds "9"]
[EventCountry "FRA"]
[EventCategory "15"]
[SourceTitle "CBM 070"]
[Source "ChessBase"]
[SourceDate "1999.06.08"]
[SourceVersion "1"]
[SourceVersionDate "1999.06.08"]
[SourceQuality "1"]

1. d4 g6 2. g3 Bg7 3. Bg2 Nf6 4. c4 O-O 5. Nf3 d6 6. O-O Nc6 7. Nc3 a6 8. b3
Rb8 9. Nd5 Nh5 10. Bb2 e6 (10... b5 $143 11. cxb5 axb5 12. Rc1 Bd7 13. e4 e6
14. Ne3 Ne7 15. e5 f5 16. d5 f4 17. dxe6 Bxe6 18. Ng5 Bc8 {Gorelov,S-Bologan,V/
Moscow/1995/} 19. exd6 $1 $16) 11. Ne3 ({After this game maybe more attention
will again focus on the in CBM 68 rather unfairly degraded} 11. Nc3 b5 (11...
Ne7 $143 $2 12. a4 $1 f5 13. e4 h6 14. Re1 f4 15. e5 fxg3 16. hxg3 Nc6 17. Ba3
Rf7 18. exd6 cxd6 19. Ne4 Bf8 20. Qd3 Kh7 21. d5 exd5 22. Qxd5 Rf5 23. Qd2 $40
{Wojtkiewicz,A-Jaracz,P/Warsaw/1995/}) 12. d5 $5 (12. cxb5 axb5 13. Rc1 Ba6 $5
14. Qd2 b4 15. Nb1 Ne7 16. Ne1 c5 17. dxc5 dxc5 18. Bxg7 Nxg7 19. Nd3 Bxd3 20.
Qxd3 Qxd3 21. exd3 Rb5 22. Nd2 Ra5 23. Ne4 Ngf5 24. Nxc5 Rxa2 25. Rc4 Rb8 26.
Nd7 Rb5 $36 {Romanishin,O-Milov,V/Biel/1996/}) 12... Ne7 13. dxe6 Bxe6 $142 (
13... fxe6 14. c5 $1 (14. Nd2 bxc4 15. Nxc4 d5 16. Nd2 c5 17. Qc2 Bd7 18. Nd1
Qa5 19. Bxg7 Nxg7 20. e4 Bb5 21. Re1 d4 22. f3 Nc6 $13 {Grabarczyk,M-Jaracz,P/
Warsaw/1995/}) 14... dxc5 15. Qc2 Nc6 (15... Bb7 16. Nd1 Qd6 17. Bxg7 Nxg7 18.
Rc1 Nef5 19. Qxc5 Bxf3 20. Bxf3 Nd4 21. Ne3 Ne8 22. Rfd1 Nxf3+ 23. exf3 Qxc5
24. Rxc5 Rxf3 25. Rc6 a5 26. Rxe6 $36 {Karpov,A-Shirov,A/Monte Carlo act/1999/}
) 16. Ne4 (16. Rac1 $5 $36) 16... Nd4 17. Nxd4 cxd4 18. Rad1 e5 19. e3 Rf7 20.
exd4 exd4 21. Rd2 (21. Nc5 $5 $44) 21... Bf5 22. Rfd1 Rd7 23. b4 Rb6 24. Qb3+
Be6 25. Qa3 Bc4 26. Nc5 Re7 27. Bxd4 Re2 {1/2,Wojtkiewicz,A-Shabalov,A/
Washington/1998/}) 14. cxb5 axb5 15. Qd2 Nf6 16. Ng5 Bd7 $5 (16... b4 17. Nce4
Ned5 18. Nxe6 $5 (18. Nxf6+ Nxf6 19. Rac1 Bd7 20. Rc4 c5 21. Rd1 Rb6 22. Rf4
Qe7 23. h4 Bf5 24. Rf3 Ra6 $17 {Wojtkiewicz,A-Istratescu,A/Krynica zt/1998/})
18... fxe6 19. Nxf6+ (19. Ng5 $5 Qe7 20. Bxf6 Nxf6 (20... Bxf6 $2 21. Nxe6) 21.
Qe3 e5 22. Rac1 $14) 19... Nxf6 20. Rac1 Rb6 (20... c5 21. Rfd1 Ne8 22. Bxg7
Kxg7 23. Rxc5 Qf6 24. Rc6 Qxf2+ 25. Kh1 $16) (20... Nd7 $6 21. Bxg7 Kxg7 22.
Rc4 $16 {Cvitan,O-Jenni,F/Baden Mitropa/1999/}) 21. Rc6 $36) 17. b4 Nc8 $14 {
<=>}) (11. Nf4 Nxf4 12. gxf4 b5 (12... Ne7 13. Qd2 d5 14. Rac1 Nf5 15. cxd5
exd5 16. Qa5 c6 17. Qxd8 Rxd8 18. e3 Bf8 19. Rfd1 a5 20. a4 f6 21. Ra1 h6 22.
h4 Nd6 23. Ba3 Bg4 24. Bxd6 Bxd6 $15 {Maherramzade,J-Bagaturov,G/Elista olm/
1998/}) 13. Rc1 Bb7 14. Qd2 Ne7 15. c5 Qd7 16. e3 f5 17. Qa5 Bd5 18. cxd6 cxd6
19. Qc7 Qxc7 20. Rxc7 Rfe8 21. Rfc1 Bf8 22. Rd7 Red8 23. Rxd8 Rxd8 24. Ba3 h6
25. Rc7 a5 26. Nh4 b4 27. Bb2 Ra8 28. a4 $2 g5 $17 {Jirovsky,M-Jenni,F/Baden
Mitropa/1999/}) 11... Ne7 $1 $146 {[%mdl 8] Black wants to achieve a
harmonious setup of his pieces and pawns, he doesn't need to play the active,
but weakening f5 immediately to achieve this.} (11... f5 12. Qd2 (12. Qc1 Ne7
13. Re1 b5 14. Nf1 bxc4 15. Qxc4 Nd5 16. e4 Ndf4 17. gxf4 fxe4 18. N3d2 Nxf4
19. Ng3 Nd3 (19... d5 $142 $1 {/\Nd3->}) 20. Rxe4 Nxb2 21. Qc2 d5 22. Re5 Bxe5
23. dxe5 Na4 24. bxa4 Bd7 25. Nb3 Bxa4 26. Bh3 $132 {Romanishin,O-Pavlovic,M/
Linares op/1996/}) 12... f4 $5 (12... Ne7 13. Rac1 b6 (13... h6 14. c5 b5 15.
cxb6 cxb6 16. Ba3 b5 17. Bb4 f4 18. Nd1 Nd5 19. Ba5 Qe7 20. Nc3 Nhf6 21. Nh4
Qe8 22. Nxd5 Nxd5 23. Bxd5 exd5 24. Bc7 Ra8 25. Bxd6 Rf7 26. Be5 Bxe5 27. dxe5
g5 28. Nf3 $16 {Supatashvili,K-Zakharstov,V/Cherkessk/1997/}) 14. c5 $1 dxc5
15. Rfd1 f4 16. Ng4 cxd4 17. Bxd4 e5 18. Ngxe5 c5 19. Bc3 Qxd2 20. Rxd2 fxg3
21. hxg3 Nf6 22. Ng5 Bf5 23. e4 Bc8 24. Nc4 $36 {Akopian,V-Bologan,V/Elista
olm/1998/}) 13. Nd1 e5 14. dxe5 dxe5 15. Qd5+ $6 (15. Qxd8 $142 Rxd8 16. Ng5
$14) 15... Qxd5 16. cxd5 Nd4 17. Nxd4 exd4 18. Rc1 Bg4 $1 19. f3 Bd7 20. g4 Nf6
21. Rxc7 Rf7 22. d6 Ne8 23. Rc2 Nxd6 24. Nf2 Nb5 25. Ne4 Bc6 26. Rd1 Rd8 27. g5
Rf5 28. h4 Rfd5 29. Bh3 d3 $17 {Konopka,M-Manik,M/Baden Mitropa/1999/}) (11...
e5 $6 12. dxe5 Be6 13. Nd4 Nxd4 14. Bxd4 dxe5 15. Ba7 Ra8 16. Bc5 e4 17. Bxf8
Bxa1 18. Qxa1 Qxf8 19. Bxe4 c6 20. Rd1 $16 {Jirovsky,M-Oral,T/CZE-ch/1994/})
12. Qd2 {White develops himself in accordance with the Akopian-Bologan game,
but this plan is now not so effective.} ({Therefore deserving attention was
the more flexible} 12. Ne1 $5 b6 13. Nd3 $13 {[%cal Ye3c2,Ye2e4,Yd4d5] +/=,/
\d5,Nc2,e4}) 12... b6 13. Rac1 Bb7 14. Rfd1 h6 15. c5 Nf6 16. cxb6 cxb6 17. Ba3
(17. Nc4 $142 $5 {and any pawn move (b5,d5) helps the N to a more active
outpost.} b5 18. Na5 Bd5 19. Ne1 Qd7 $11) 17... b5 $1 {[%csl Re3] פe3} 18. Qb4
$6 {White loses track in this phase and doesn't test Black's idea at all.} (18.
Ne1 $5 Bxg2 19. N3xg2 $11) 18... Ne8 $1 {/\a5 Now White's pieces get chased
back.} (18... Ne4 $143 19. Nd2 $14) 19. Qe1 a5 20. Bb2 f5 $36 {The right time
for this space-winning move.} 21. Bc3 $6 (21. Nd2 $142 Qb6 22. Bxb7 Rxb7 $15)
21... b4 22. Bb2 Nf6 23. Rc2 ({More logical was} 23. Nc4 g5 $15) 23... g5 24.
Rdc1 Be4 25. Rc7 f4 26. Nf1 Ned5 27. R7c4 Bg6 $17 {[%cal Rf6e4,Re4c3] ><c3,
Ne4-c3} 28. e3 $2 {A mistake under pressure, which loses material.} ({
Necessary was} 28. N3d2 g4 $36 {/\} 29. e4 $6 Nb6 30. Rc6 f3 $19) 28... fxg3
29. fxg3 (29. hxg3 Bd3 $17 (29... Ne4 $5 $40 {[%csl Rc3,Rf2] ><f2,c3})) 29...
Bd3 30. Rc6 $2 (30. N1d2 $142 $5 Bxc4 31. bxc4 Nb6 $17) 30... Ne7 31. Rc7 Nfd5
32. R7c4 (32. Rxe7 Qxe7 $19) 32... Bxf1 $1 $19 {Now Black simply wins a piece.}
33. Kxf1 (33. Qxf1 g4 $19) 33... g4 34. e4 Nb6 (34... gxf3 $143 $6 35. Bh3) 35.
Rc7 Rc8 $1 36. Rxc8 Nexc8 37. Qe3 Qf6 38. Ke2 (38. e5 Qf5 $19) 38... gxf3+ 39.
Bxf3 Qg6 40. Rc7 Rf7 {With the time control over White has hardly any excuse
for prolonging the game for another 40-odd moves. Especially after move 56
it's difficult to find any reason to continue the deserate struggle.} 41. Qc1
Rxc7 42. Qxc7 Qf7 43. Qc6 Qd7 44. Qxd7 Nxd7 45. Kd3 Ncb6 46. a3 e5 47. axb4
axb4 48. d5 Nc5+ 49. Kc2 Nbd7 (49... Bf6 $5 50. Bc1 Bg5 $19) 50. Bc1 Nf6 51.
Bd2 Nfxe4 52. Bxb4 Nf6 53. Bd2 Kf7 54. b4 Ncd7 55. b5 Nb6 56. Kd3 Nfxd5 57. Ba5
Ke6 58. Bg4+ Ke7 59. Bf3 Kd7 60. h4 Bf8 61. Bg2 Be7 62. Bf3 Bd8 63. Bd2 Nf6 64.
Bxh6 d5 65. Be2 Nc4 66. h5 Ke6 67. Bg5 Kf5 68. Bc1 Bb6 69. Kc3 Ne3 70. h6 Kg6
71. Ba3 Kxh6 72. Kd3 e4+ 73. Kc3 Nf5 74. Bc1+ Kg6 75. Bf4 Nh5 76. Be5 Nhxg3 77.
Bd1 Kg5 78. Bb3 d4+ 79. Kc4 Ne3+ 80. Kb4 Ne2 81. Be6 d3 82. Bd6 d2 83. Bb3 Nd4
84. Kc3 Nxb3 0-1